00639nam a22001817a 450000500170000000800410001702000180005804000680007604100080014410000290015224500910018126000370027230000240030950400530033365000290038665000220041565000200043720150724144733.0130821s2009 ck gr spa  a9789587115406 aCO-BoUCMbspacJose A. Gerena (modificó)dAldemar Mondragón00aspa1 aPuerta León, Heriberto13aLa investigación criminal ben el sistema penal acusatoriocHeriberto Puerta León aBogotá (Colombia)bLeyerc2009 axiii, 494 páginas aIncluye referencias bibliográficas e índices 7aInvestigación criminal 7aPrueba documental 7aPrueba pericial